<?xml version="1.0" encoding="UTF-8"?>
<record
    xmlns:xsi="http://www.w3.org/2001/XMLSchema-instance"
    xsi:schemaLocation="http://www.loc.gov/MARC21/slim http://www.loc.gov/standards/marcxml/schema/MARC21slim.xsd"
    xmlns="http://www.loc.gov/MARC21/slim">

  <leader>02585nam a2200301uu 4500</leader>
  <controlfield tag="001">1405915</controlfield>
  <controlfield tag="005">20260508085838.0</controlfield>
  <controlfield tag="008">150413s2013                        spa  </controlfield>
  <datafield tag="035" ind1=" " ind2=" ">
    <subfield code="a">1405915</subfield>
  </datafield>
  <datafield tag="040" ind1=" " ind2=" ">
    <subfield code="c">comduadb</subfield>
  </datafield>
  <datafield tag="041" ind1=" " ind2=" ">
    <subfield code="a">spa</subfield>
  </datafield>
  <datafield tag="082" ind1=" " ind2="4">
    <subfield code="a">150</subfield>
  </datafield>
  <datafield tag="100" ind1="1" ind2="0">
    <subfield code="a">Muriel Restrepo, Numar Alberto</subfield>
    <subfield code="4">aut</subfield>
    <subfield code="e">aut</subfield>
    <subfield code="9">249747</subfield>
  </datafield>
  <datafield tag="245" ind1="1" ind2="0">
    <subfield code="a">Freud y la filosof&#xED;a en el debate Foucault-Derrida</subfield>
  </datafield>
  <datafield tag="260" ind1=" " ind2=" ">
    <subfield code="a">Bogot&#xE1; :</subfield>
    <subfield code="b">Pontificia Universidad Javeriana. Facultad de Filosof&#xED;a,</subfield>
    <subfield code="c">2013.</subfield>
  </datafield>
  <datafield tag="300" ind1=" " ind2=" ">
    <subfield code="a">101 p&#xE1;ginas</subfield>
  </datafield>
  <datafield tag="490" ind1="0" ind2=" ">
    <subfield code="a">Excerpta dissertationis</subfield>
  </datafield>
  <datafield tag="500" ind1=" " ind2=" ">
    <subfield code="a">GENERAL : Extracto de la tesis para optar al t&#xED;tulo de: Doctor en Filosof&#xED;a.</subfield>
  </datafield>
  <datafield tag="505" ind1=" " ind2=" ">
    <subfield code="a">CONTENIDO : Cap&#xED;tulo 1: El debate: los episodios y los temas. -- Cap&#xED;tulo 2: Humus communis. -- Cap&#xED;tulo 3: Freud en el primer Foucault y precedentes en la cuesti&#xF3;n cartesiana. -- Cap&#xED;tulo 4: La historia de la locura: la cr&#xED;tica hist&#xF3;rico-filos&#xF3;fica. -- Cap&#xED;tulo 5: Los episodios posteriores a "cogito e historia de la locura". -- Cap&#xED;tulo 6: La violencia del lenguaje y los elementos para un no-final del debate. -- Cap&#xED;tulo 7: Consideraciones finales. -- Bibliograf&#xED;a.</subfield>
  </datafield>
  <datafield tag="520" ind1="3" ind2=" ">
    <subfield code="a">El objetivo de la investigaci&#xF3;n fue mostrar las razones del desplazamiento en la cr&#xED;tica de Derrida a Foucault, que va de Descartes a Freud respecto de la relaci&#xF3;n raz&#xF3;n-locura y sobre la posibilidad de la historia y, en el marco de las obras de ambos autores que desarrollan el debate, rastrear los m&#xE1;s relevantes aspectos relacionados con la presencia del psicoan&#xE1;lisis en ellos, resaltando el valor epist&#xE9;mico y ontol&#xF3;gico de esas relaciones. Para iniciar la investigaci&#xF3;n, fue preciso encontrar un punto de partida desde el cual poder mostrar el momento previo al que origin&#xF3; la separaci&#xF3;n, y tambi&#xE9;n aquello que los vincul&#xF3; en un humus communis. Este fue impactado en forma singular por las circunstancias vivenciadas por ambos, por los grandes problemas y por los grandes debates filos&#xF3;ficos de principios del Siglo XX, que a su vez los llevaron a compartir la historicidad del pensamiento y la irreductible historicidad de la experiencia, comprobando que ni la objetividad emp&#xED;rica, ni la subjetividad trascendental, pueden sustentarse fuera del lenguaje.</subfield>
  </datafield>
  <datafield tag="600" ind1="1" ind2="4">
    <subfield code="a">Derrida, Jacques, </subfield>
    <subfield code="d">1930-2004</subfield>
    <subfield code="x">Cr&#xED;tica e interpretaci&#xF3;n</subfield>
    <subfield code="9">856225</subfield>
  </datafield>
  <datafield tag="600" ind1="1" ind2="4">
    <subfield code="a">Foucault, Michel,</subfield>
    <subfield code="d">1926-1984</subfield>
    <subfield code="x">Cr&#xED;tica e interpretaci&#xF3;n</subfield>
    <subfield code="9">860867</subfield>
  </datafield>
  <datafield tag="650" ind1=" " ind2="7">
    <subfield code="a">Psicoan&#xE1;lisis y filosof&#xED;a</subfield>
    <subfield code="2">embne</subfield>
    <subfield code="9">12540</subfield>
  </datafield>
  <datafield tag="700" ind1="1" ind2="0">
    <subfield code="a">Forero Reyes, Yelitsa Marcela</subfield>
    <subfield code="4">ths</subfield>
    <subfield code="e">ths</subfield>
    <subfield code="9">557366</subfield>
  </datafield>
  <datafield tag="942" ind1=" " ind2=" ">
    <subfield code="c">TESIS</subfield>
  </datafield>
  <datafield tag="999" ind1=" " ind2=" ">
    <subfield code="c">711850</subfield>
    <subfield code="d">711850</subfield>
  </datafield>
  <datafield tag="502" ind1=" " ind2=" ">
    <subfield code="b">303</subfield>
    <subfield code="c">23</subfield>
  </datafield>
  <datafield tag="526" ind1=" " ind2=" ">
    <subfield code="a">305</subfield>
  </datafield>
  <datafield tag="952" ind1=" " ind2=" ">
    <subfield code="0">0</subfield>
    <subfield code="1">0</subfield>
    <subfield code="4">0</subfield>
    <subfield code="7">0</subfield>
    <subfield code="8">GEN</subfield>
    <subfield code="a">BC</subfield>
    <subfield code="b">BC</subfield>
    <subfield code="d">2015-04-13</subfield>
    <subfield code="e">Material adquirido por donaci&#xF3;n</subfield>
    <subfield code="g">22000.00</subfield>
    <subfield code="i">C1223986</subfield>
    <subfield code="l">0</subfield>
    <subfield code="o">150.195 M977</subfield>
    <subfield code="p">01011397</subfield>
    <subfield code="r">2025-10-07 20:22:10</subfield>
    <subfield code="t">1</subfield>
    <subfield code="w">2023-05-03</subfield>
    <subfield code="y">BOOK</subfield>
  </datafield>
</record>
